Handbook of Biosphere : (Record no. 611784)

MARC details
000 -LEADER
fixed length control field 00445nam a2200181 a 4500
008 - FIXED-LENGTH DATA ELEMENTS--GENERAL INFORMATION
fixed length control field 260211s2015##################000#0#eng##
020 ## - INTERNATIONAL STANDARD BOOK NUMBER
ISBN 9781632393746
082 04 - DEWEY DECIMAL CLASSIFICATION NUMBER
Classification number 333.707
Item number OFF
100 1# - MAIN ENTRY--AUTHOR NAME
Personal name Offit, Anne,
245 10 - TITLE STATEMENT
Title Handbook of Biosphere :
260 ## - PUBLICATION, DISTRIBUTION, ETC. (IMPRINT)
Year of publication 2015.
650 #0 - SUBJECT ADDED ENTRY--TOPICAL TERM
Topical Term Biosphere.
942 ## - ADDED ENTRY ELEMENTS (KOHA)
Koha item type English Books
Holdings
Withdrawn status Lost status Damaged status Not for loan Home library Current library Shelving location Date acquired Full call number Accession Number Price effective from Koha item type
        Anna Centenary Library Anna Centenary Library 4TH FLOOR, A WING 11.02.2026 333.707 OFF 607195 11.02.2026 English Books

Find us on the map